|
|
|
|
| LEADER |
00000nam0a2200000 4500 |
| 001 |
315244 |
| 005 |
20231102002747.0 |
| 020 |
|
|
|a RU
|b 82-68263
|
| 035 |
|
|
|a (RuTPU)RU\TPU\book\340677
|
| 090 |
|
|
|a 315244
|
| 100 |
|
|
|a 20160226d1982 km y0rusy5003 ca
|
| 101 |
0 |
|
|a rus
|
| 102 |
|
|
|a RU
|
| 105 |
|
|
|a a z 001zy
|
| 200 |
1 |
|
|a Глубинная электропроводность Земли
|f Н. М. Ротанова, А. Н. Пушков
|g Академия наук СССР, Институт земного магнетизма, ионосферы и распространения радиоволн
|
| 210 |
|
|
|a Москва
|c Наука
|d 1982
|
| 215 |
|
|
|a 296 с.
|c ил.
|e Прилож.: 1 отд. л. карт.
|
| 320 |
|
|
|9 572
|a Библиогр.: с. 284-294
|
| 606 |
1 |
|
|a Геоэлектричество
|2 stltpush
|3 (RuTPU)RU\TPU\subj\6314
|9 34237
|
| 610 |
1 |
|
|a электропроводность
|
| 610 |
1 |
|
|a Земля
|
| 610 |
1 |
|
|a глубинное строение
|
| 610 |
1 |
|
|a геофизика
|
| 610 |
1 |
|
|a электромагнитная индукция
|
| 610 |
1 |
|
|a уравнения
|
| 610 |
1 |
|
|a геомагнитное поле
|
| 610 |
1 |
|
|a геомагнитные вариации
|
| 610 |
1 |
|
|a глубинное зондирование
|
| 610 |
1 |
|
|a интерпретация
|
| 610 |
1 |
|
|a временные ряды
|
| 610 |
1 |
|
|a анализ
|
| 610 |
1 |
|
|a нижняя мантия
|
| 610 |
1 |
|
|a электрическая проводимость
|
| 675 |
|
|
|a 550.372
|z rus
|v 3
|
| 700 |
|
1 |
|a Ротанова
|b Н. М.
|g Нина Михайловна
|4 070
|
| 701 |
|
1 |
|a Пушков
|b А. Н.
|g Александр Николаевич
|4 070
|
| 712 |
0 |
2 |
|a Академия наук СССР
|b Институт земного магнетизма, ионосферы и распространения радиоволн
|c (Москва)
|c (1959-1991)
|2 stltpush
|3 (RuTPU)RU\TPU\col\12157
|9 25343
|
| 801 |
|
0 |
|a RU
|b RuMRKP
|c 19950704
|g psbo
|
| 801 |
|
1 |
|a RU
|b 63413507
|c 20160226
|
| 801 |
|
2 |
|a RU
|b 63413507
|c 20200605
|g RCR
|
| 942 |
|
|
|c BK
|